Quiz Pokémon - Culture G - Statistiques

Statistiques générales
  • Ce quiz a été pris 41 fois
    21 depuis la dernière actualisation
  • Le résultat moyen est 15 sur 20
Statistiques - réponses
Un Pokémon qui... Réponse % Correct
...est un fabuleux ayant le type Eau Phione - Manaphy - Keldeo - Volcanion
94%
...possède le type Normal/Vol au troisième stade d'évolution Roucarnage - Étouraptor - Déflaisan - Bazoucan
94%
...est un starter possédant une forme régionale sur son évolution finale Archéduc - Typhlosion - Clamiral
89%
...est commun à l'équipe de Cynthia (en 4G) et de Percupio en (8G) hormis Carchacrok Lucario - Roserade - Togekiss - Spiritomb
89%
...peut apprendre la capacité Aria de l'Écume Oratoria - Lokhlass
89%
...fait partie des 4 plus grands Pokémon en taille de tout jeu confondu (sans compter les Gigamax) Éthernatos - Wailord - Oyacata - Noadkoko d'Alola
83%
...est un légendaire uniquement de sexe féminin Latias - Cresselia - Amovénus - Ogerpon
83%
...est un fossile au dernier stade d'évolution apparu pour la première fois à Kalos en 6G Rexillius - Dragmara
83%
...possède le double type Poison/Fée Smogogo de Galar - Favianos
83%
...possède une forme de Paldea Tauros - Axoloto
83%
...est une ultra-chimère uniquement disponible dans Lune et Ultra-Lune Cancrelove - Bamboiselle - Ama-Ama
78%
...perd un de ses deux types en méga-évoluant Galeking - Carchacrok
78%
...a acquis le type Acier à l'arrivée du type en 2G Magnéti - Magnéton
78%
...peut utiliser la capacité Z Colère du Gardien d'Alola Tokorico - Tokopiyon - Tokotoro - Tokopisco
72%
...possède le talent Poing de Fer naturellement Tygnon - Gringolem - Golemastoc - Pandespiègle - Pandarbare - Crabagarre - Crabominable - Melmetal
72%
...fait partie des 3 Pokémon les moins rapides de tout jeu confondu (= avec la statistique de Vitesse la plus faible) Caratroc - Goinfrex - Concombaffe
61%
...possède deux formes Gigamax Shifours
61%
...apprend naturellement la capacité Aurasphère sans être de type de Combat Mewtwo - Dialga - Palkia - Gamblast - Magearna
56%
...apprend naturellement la capacité Champ Herbu mais qui n'est pas de type Plante Flabébé - Floette - Florges - Guérilande
33%
...évolue par bonheur uniquement de nuit Korillon - Frissonille
28%
Aucun quiz correspondant
Distribution des résultats
% des personnes avec chaque résultat
Percentile par nombre de réponses
Votre historique - résultats
Vous n’avez pas pris ce quiz depuis la dernière actualisation